منھاج ا لعا بد ین (Record no. 553521)
[ view plain ]
| 000 -LEADER | |
|---|---|
| fixed length control field | 00354nam a22001337a 4500 |
| 082 ## - DEWEY DECIMAL CLASSIFICATION NUMBER | |
| Classification number | 297.5 |
| Author Mark | GAZ |
| -- | l-31 p-37 |
| 100 ## - MAIN ENTRY--PERSONAL NAME | |
| Personal name | Hazrat Imam Ghazali |
| 9 (RLIN) | 50762 |
| 245 ## - TITLE STATEMENT | |
| Title | منھاج ا لعا بد ین |
| 260 ## - PUBLICATION, DISTRIBUTION, ETC. | |
| Place of publication, distribution, etc. | Karachi, |
| Name of publisher, distributor, etc. | Madina Publication, |
| Date of publication, distribution, etc. | 1970. |
| 300 ## - PHYSICAL DESCRIPTION | |
| Extent | 345p. |
| 500 ## - GENERAL NOTE | |
| General note | MCE |
| 526 ## - STUDY PROGRAM INFORMATION NOTE | |
| Program name | 0 |
| Interest level | 1 |
| Reading level | 0 |
| Title point value | 297_500000000000000_GAZ |
| 942 ## - ADDED ENTRY ELEMENTS (KOHA) | |
| Source of classification or shelving scheme | |
| Koha item type | Book |
| Withdrawn status | Lost status | Source of classification or shelving scheme | Damaged status | Not for loan | Permanent Location | Current Location | Date acquired | Total Checkouts | Full call number | Barcode | Date last seen | Date last checked out | Price effective from | Koha item type |
|---|---|---|---|---|---|---|---|---|---|---|---|---|---|---|
| Military College of Engineering (MCE) | Military College of Engineering (MCE) | 05/25/2015 | 1 | 297.5 GAZ | MCE-3353 | 01/27/2016 | 01/27/2016 | 05/25/2015 | Book |
